The inheritors
محفوظ في:
| المؤلف الرئيسي: | |
|---|---|
| التنسيق: | كتاب |
| اللغة: | الإنجليزية |
| منشور في: |
Londres
Faber and Faber
1961
|
| الموضوعات: | |
| الوسوم: |
إضافة وسم
لا توجد وسوم, كن أول من يضع وسما على هذه التسجيلة!
|
MARC
| LEADER | 00000nam a2200000 a 4500 | ||
|---|---|---|---|
| 001 | UCQ3917 | ||
| 003 | CL-VaPUC | ||
| 008 | 980828e19610000UK |||||||||||||||||eng|d | ||
| 082 | 0 | 4 | |a 823 |b GOL |2 21 |
| 100 | |a Golding, William |e author |9 543609 | ||
| 245 | 1 | 4 | |a The inheritors |
| 300 | |a 233 p | ||
| 942 | |c BK | ||
| 945 | |d 19980828 00:00:00 |a crobeson | ||
| 260 | |a Londres |b Faber and Faber |c 1961 | ||
| 650 | 0 | |a Novelas inglesas |9 265220 | |
| 650 | 0 | |a Literatura inglesa |9 312907 | |
| 583 | |a last modification |c 19980828 00:00:00 |k Rodrigo Vera | ||
| 999 | |c 274428 |d 274426 | ||
| 952 | |0 0 |1 0 |4 0 |6 823_000000000000000_GOL_1961 |7 0 |8 A |9 310588 |a BIBEDU |b BIBEDU |d 2019-11-20 |i 1459678 |o 823 GOL 1961 |p 1459678 |r 2019-11-20 |w 2019-11-20 |y BK |k LIT | ||